Mass spectrometry for drug discovery and drug development / (Record no. 23069)
[ view plain ]
| 000 -LEADER | |
|---|---|
| fixed length control field | 02672cam a2200265 a 4500 |
| 001 - CONTROL NUMBER | |
| control field | 17427719 |
| 005 - DATE AND TIME OF LATEST TRANSACTION | |
| control field | 20161108115010.0 |
| 008 - FIXED-LENGTH DATA ELEMENTS--GENERAL INFORMATION | |
| fixed length control field | 120808t2013 njua frb 001 0 eng d |
| 020 ## - INTERNATIONAL STANDARD BOOK NUMBER | |
| International Standard Book Number | 9780470942383 |
| 040 ## - CATALOGING SOURCE | |
| Original cataloging agency | DNLM/DLC |
| Transcribing agency | DLC |
| Modifying agency | DLC |
| -- | EG-ScBUE |
| Language of cataloging | eng |
| 082 04 - DEWEY DECIMAL CLASSIFICATION NUMBER | |
| Classification number | 615.19 |
| Edition number | 22 |
| Item number | MAS |
| 245 00 - TITLE STATEMENT | |
| Title | Mass spectrometry for drug discovery and drug development / |
| Statement of responsibility, etc | edited by Walter A. Korfmacher. |
| 260 ## - PUBLICATION, DISTRIBUTION, ETC. (IMPRINT) | |
| Place of publication, distribution, etc | Hoboken : |
| Name of publisher, distributor, etc | John Wiley & Sons, |
| Date of publication, distribution, etc | c.2013. |
| 300 ## - PHYSICAL DESCRIPTION | |
| Extent | xii, 461 p. : |
| Other physical details | ill. ; |
| Dimensions | 26 cm. |
| 500 ## - GENERAL NOTE | |
| General note | Index : p. 427-461. |
| 504 ## - BIBLIOGRAPHY, ETC. NOTE | |
| Bibliography, etc | Includes bibliographical references. |
| 505 0# - FORMATTED CONTENTS NOTE | |
| Formatted contents note | 1. Overview of the various types of mass spectrometers that are used in drug discovery and drug development / Gerard Hopfgartner -- 2. Utility of high resolution mass spectrometry for new drug discovery applications / William Bart Emary and Nanyan Rena Zhang -- 3. Quantitative mass spectrometry considerations in a regulated environment / Mohammed Jemal and Yuan-Qing Xia -- 4. Mass spectrometry for quantitative in vitro ADME assays / Jun Zhang and Wilson Z. Shou -- 5. Metabolite identification using mass spectrometry in drug development / Natalia Penner, Joanna Zgoda-Pols, and Chandra Prakash -- 6. MS analysis of biological drugs, proteins, and peptides / Yi Du, John Mehl, and Pavlo Pristatsky -- 7. Characterization of impurities and degradation products in small molecule pharmaceuticals and biologics / Hui Wei, Guodong Chen and Adrienne A. Tymiak -- 8. Liquid extraction surface analysis (LESA) : a new mass spectrometry-based technique for ambient surface profiling / Dan Eikel and Jack Henion -- 9. MS applications in support of medicinal chemistry sciences / Maarten Honing, Benno Ingelse, and Birendra�y N. Pramanik -- 10. Imaging mass spectrometry of proteins and peptides / Michelle L. Reyzer and Richard M. Caprioli -- 11. Imaging mass spectrometry for drugs and metabolites / Stacey R. Oppenheimer -- 12. Screening reactive metabolites : role of liquid chromatography-high resolution mass spectrometry in combination with 'intelligent' data mining tools / Shuguang Ma and Swapan K. Chowdhury -- 13. Mass spectrometry of siRNA / Mark Cancilla and Mike Flanagan -- 14. Mass spectrometry for metabolomics / Petia Shipkova and Michael D. Reily -- 15. Quantitative analysis of peptides with mass spectrometry : selected reaction monitoring or high resolution full scan? / Lieve Dillen and Filip Cuyckens. |
| 650 #7 - SUBJECT ADDED ENTRY--TOPICAL TERM | |
| Topical term or geographic name as entry element | Drugs |
| Source of heading or term | BUEsh |
| 9 (RLIN) | 39601 |
| General subdivision | Analysis. |
| 650 #7 - SUBJECT ADDED ENTRY--TOPICAL TERM | |
| Topical term or geographic name as entry element | Mass spectrometry |
| General subdivision | methods. |
| Source of heading or term | BUEsh |
| 650 #7 - SUBJECT ADDED ENTRY--TOPICAL TERM | |
| Topical term or geographic name as entry element | Drug development. |
| Source of heading or term | BUEsh |
| 651 ## - SUBJECT ADDED ENTRY--GEOGRAPHIC NAME | |
| Source of heading or term | BUEsh |
| 653 ## - INDEX TERM--UNCONTROLLED | |
| Resource For college | Pharmacy |
| Arrived date list | November2016 |
| 700 1# - ADDED ENTRY--PERSONAL NAME | |
| Personal name | Korfmacher, Walter A., |
| Relator term | editor. |
| 942 ## - ADDED ENTRY ELEMENTS (KOHA) | |
| Source of classification or shelving scheme | Dewey Decimal Classification |
| Withdrawn status | Item status | Source of classification or shelving scheme | Damaged status | Not for loan | Vendor | Home library | Current library | Shelving location | Date acquired | Source of acquisition | Cost, normal purchase price | Total Checkouts | Full call number | Barcode | Date last seen | Koha item type |
|---|---|---|---|---|---|---|---|---|---|---|---|---|---|---|---|---|
| Dewey Decimal Classification | Baccah | Central Library | Central Library | First floor | 08/11/2016 | Purchase | 1530.00 | 615.19 MAS | 000034762 | 15/07/2025 | NB - Book (Non borrowing) | |||||
| Dewey Decimal Classification | Baccah | Central Library | Central Library | First floor | 08/11/2016 | Purchase | 1530.00 | 615.19 MAS | 000034763 | 15/07/2025 | Book - Borrowing | |||||
| Dewey Decimal Classification | Baccah | Central Library | Central Library | First floor | 08/11/2016 | Purchase | 1530.00 | 615.19 MAS | 000034764 | 15/07/2025 | Book - Borrowing |